00402nam a2200193Ia 4500003000900000008004100009040001300050040001300063041000800076100002100084245001900105250000900124260001200133260000900145300001100154300001000165490002700175490000600202IT-RoPAU120407s9999 xx 000 0 und d aIT-RoPAU cIT-RoPAU aita aEnrico Chiavacci aEtica politica aRoma aStudium c1964 a136 p. c17 cm aUniversale Studium, 90 v1